| 000 | 01380cam a2200349 a 4500 | ||
|---|---|---|---|
| 001 | 4084 | ||
| 003 | FISKH | ||
| 005 | 20250826104816.0 | ||
| 008 | 940823s1996 nyua j 000 0 eng | ||
| 010 | _a 94031110 | ||
| 020 | _a0590441515 | ||
| 040 |
_aDLC _cDLC _dDLC _beng |
||
| 042 | _alcac | ||
| 043 |
_an-us--- _an-us-ny |
||
| 050 | 0 | 0 |
_aJV6450 _b.M34 1996 |
| 082 | 0 | 0 |
_a304.8/73/009 _220 |
| 100 | 1 | _aMaestro, Betsy. | |
| 245 | 1 | 0 |
_aComing to America : _bthe story of immigration / _cby Betsy Maestro ; illustrated by Susannah Ryan. |
| 260 |
_aNew York : _bScholastic, _c1996. |
||
| 300 |
_a40 unnumbered pages : _bcolor illustrations ; _c28 cm |
||
| 505 | _aR | ||
| 520 | _aExplores the evolving history of immigration to the United States, a long saga about people coming first in search of food and then, later in a quest for religious and political freedom, safety, and prosperity. | ||
| 521 | 8 |
_a700
_bLexile adjusted |
|
| 521 | 8 |
_aR
_bRaz-Plus |
|
| 610 | 2 | 0 |
_aEllis Island Immigration Station (N.Y. and N.J.) _xHistory _xJuvenile literature. |
| 650 | 0 |
_aImmigrants _zUnited States _xHistory _xJuvenile literature. |
|
| 651 | 0 |
_aUnited States _xEmigration and immigration _xHistory _xJuvenile literature. |
|
| 700 | 1 |
_aRyan, Susannah, _eillustrations |
|
| 906 |
_a7 _bcbc _corignew _d1 _eocip _f19 _gy-gencatlg |
||
| 942 |
_2ddc _cBK _n0 |
||
| 999 |
_c4084 _d4084 |
||